Sports Quiz

Random Sports or WWE Quiz

WWE US TITLE Quiz Stats

 Plays Quiz not verified by Sporcle

Also try: MLB Teams (Redux)
Challenge
Share
Tweet
Embed
Score 0/119 Timer 20:00
0 Plays Today
% Correct
John Cena
87.4%
John Cena
87.4%
John Cena
87.4%
Chris Benoit
79.8%
Chris Benoit
79.8%
Chris Benoit
79.8%
Chris Benoit
79.8%
Chris Benoit
79.8%
Ric Flair
78.2%
Ric Flair
78.2%
Ric Flair
78.2%
Ric Flair
78.2%
Ric Flair
78.2%
Booker T
77.5%
Booker T
77.5%
Booker T
77.5%
Booker T
77.5%
Eddie Guerrero
77.1%
Eddie Guerrero
77.1%
Big Show
75.2%
The Miz
72.9%
MVP
72.1%
MVP
72.1%
David Flair
71.4%
Matt Hardy
69.5%
Bret Hart
69.1%
Bret Hart
69.1%
Bret Hart
69.1%
Bret Hart
69.1%
Kofi Kingston
67.9%
Sting
64.9%
Sting
64.9%
Lex Luger
64.5%
Lex Luger
64.5%
Lex Luger
64.5%
Lex Luger
64.5%
Lex Luger
64.5%
Edge
63.7%
JBL
63.7%
Steve Austin
63.4%
% Correct
Steve Austin
63.4%
Kurt Angle
61.5%
Scott Hall
61.1%
Scott Hall
61.1%
Dusty Rhodes
59.2%
Dustin Rhodes
59.2%
Dustin Rhodes
59.2%
Goldberg
56.9%
Goldberg
56.9%
Carlito
55%
Scott Steiner
54.2%
Scott Steiner
54.2%
Ricky Steamboat
53.8%
Ricky Steamboat
53.8%
Ricky Steamboat
53.8%
Ricky Steamboat
53.8%
Rick Steiner
53.8%
Orlando Jordan
52.7%
Jeff Jarrett
50.8%
Jeff Jarrett
50.8%
Jeff Jarrett
50.8%
Harley Race
50%
Dean Malenko
49.6%
Roddy Piper
49.2%
Roddy Piper
49.2%
Roddy Piper
49.2%
Shelton Benjamin
48.5%
Diamond Dallas Page
47.7%
Diamond Dallas Page
47.7%
Vader
47.3%
Raven
46.9%
Finlay
46.9%
Magnum T.A.
45.4%
Magnum T.A.
45.4%
Bobby Lashley
45%
Mr. Kennedy
44.7%
Lance Storm
43.9%
Lance Storm
43.9%
Lance Storm
43.9%
Tully Blanchard
43.5%
% Correct
Rick Rude
43.5%
Barry Windham
42.4%
Jim Duggan
40.8%
Chris Kanyon
40.5%
Curt Hennig
39.3%
Rhyno
38.5%
Konnan
37.4%
Greg Valentine
35.9%
Greg Valentine
35.9%
Terry Funk
35.5%
Terry Funk
35.5%
Tajiri
35.1%
Johnny Valentine
34.7%
Nikita Koloff
34%
Steve McMichael
34%
One Man Gang
32.8%
Shane Douglas
32.8%
Gen. Rection
31.7%
Gen. Rection
31.7%
Sid Vicious
30.5%
Wahoo McDaniel
30.2%
Sgt. Slaughter
30.2%
Wahoo McDaniel
30.2%
Sgt. Slaughter
30.2%
Wahoo McDaniel
30.2%
Wahoo McDaniel
30.2%
Wahoo McDaniel
30.2%
Stan Hansen
27.1%
Jimmy Snuka
26.7%
Michael Hayes
26%
Blackjack Mulligan
24.4%
Blackjack Mulligan
24.4%
Blackjack Mulligan
24.4%
Kensuke Sasaki
22.9%
Paul Jones
21.4%
Paul Jones
21.4%
Bobo Brazil
19.1%
Mr. Wrestling
17.6%
Dick Slater
17.6%

You're not logged in!

Compare scores with friends on all Sporcle quizzes.
Join for Free
OR
Log In

You Might Also Like...

Show Comments

Extras

Created Feb 17, 2010ReportNominate
Tags:WWE Quiz, US Title

Top Quizzes Today


Score Distribution

Your Account Isn't Verified!

In order to create a playlist on Sporcle, you need to verify the email address you used during registration. Go to your Sporcle Settings to finish the process.

Report this User

Report this user for behavior that violates our Community Guidelines.

Details: